000 00415nmm a2200145Ia 4500
008 251105s9999||||xx |||||||||||||||||und||
041 _acat
100 _aCantavella, Jordi
245 0 _aLlegendes de boletaires
264 _a[Madrid, España] :
_bEdiciones B,
_c2016
300 _a272 páginas
650 _aFolklore & Popular Culture
856 _uhttps://public.digitaliapublishing.com/a/53872
942 _cCF
999 _c106080
_d106080